Medzinárodná regulácia v podmienkach globalizácie
Krajiny zapojené do medzinárodných ekonomických vzťahov stoja pred dilemou, akú politiku zvoliť na riešenie ekonomických problémov. Akákoľvek zmena, ktorú realizuje príslušná krajina, ovplyvňuje rozhodovanie a správanie ďalších krajín. Zmena reálneho menového kurzu v danej ekonomike nesie so sebou o...
Gespeichert in:
| 1. Verfasser: | |
|---|---|
| Format: | Buchkapitel |
| Sprache: | Englisch |
| Schlagworte: | |
| Tags: |
Keine Tags, Fügen Sie das erste Tag hinzu!
|
MARC
| LEADER | 00000nla a2200000 4500 | ||
|---|---|---|---|
| 001 | 0225721 | ||
| 005 | 20240712104228.2 | ||
| 041 | 0 | |a eng | |
| 044 | |a SK | ||
| 245 | 1 | 0 | |a Medzinárodná regulácia v podmienkach globalizácie |c Ivana Lennerová |
| 520 | |a Krajiny zapojené do medzinárodných ekonomických vzťahov stoja pred dilemou, akú politiku zvoliť na riešenie ekonomických problémov. Akákoľvek zmena, ktorú realizuje príslušná krajina, ovplyvňuje rozhodovanie a správanie ďalších krajín. Zmena reálneho menového kurzu v danej ekonomike nesie so sebou opačnú zmenu zahraničného reálneho menového kurzu. Podobne zmena v celkových domácich výdavkoch je sprevádzaná zmenou v domácom dopyte po zahraničných tovaroch. Vývoj v malých otvorených ekonomikách je ovplyvnený makroekonomickým vývojom v zahraničí a do istej miery sa tým komplikujú rozhodovania tvorcov hospodárskej politiky. | ||
| 610 | 2 | 0 | |a globalizácia hospodárstva |
| 610 | 2 | 0 | |a regulácia |
| 610 | 2 | 0 | |a bilancia platobná |
| 610 | 2 | 0 | |a integrácia ekonomická medzinárodná |
| 610 | 2 | 0 | |a makroekonomika |
| 100 | 1 | |a Lennerová, Ivana, 1979- | |